000
00280nam a22001217a 4500
008
180905b xxu||||| |||| 00| 0 eng d
041
_a
eng
080
_a
330
100
_a
59
101
_a
BIS
245
_a
Complete Business Etiquette Handbook
_c
Pachter.B
942
_2
udc
_c
BK
999
_c
47561
_d
47561